|
000
|
01090nam0 2200253 45
|
|
001
|
012015303410
|
|
005
|
20151207094616.0
|
|
010
|
|
@a978-7-115-39711-9@dCNY45.00
|
|
100
|
|
@a20151203d2015 em y0chiy50 ea
|
|
101
|
0
|
@achi
|
|
102
|
|
@aCN@b110000
|
|
105
|
|
@ay z 000yy
|
|
106
|
|
@ar
|
|
200
|
1
|
@a好工作需要好口才@AHao Gong Zuo Xu Yao Hao Kou Cai@e求职者面试超级口才训练100题@f姜英俊著
|
|
210
|
|
@a北京@c人民邮电出版社@d2015
|
|
215
|
|
@a228页@d23cm
|
|
314
|
|
@a姜英俊,男,“80后”犀利派HR。曾就职于某药物研究所、世界500强药企以及某大型医药技术有限公司,现任北京新赛诺医药技术有限公司副总
|
|
330
|
|
@a本书作者是一名货真价实的资深HR,从事招聘面试工作十多年,收到过简历十几万份,面试超千人,可以说,在面试场上,你想到的没想到的、见过的没见到的、该说的不该说的、该作的不该做的,他都门儿清。
|
|
517
|
1
|
@a求职者面试超级口才训练100题@AQiu Zhi Zhe Mian Shi Chao Ji Kou Cai Xun Lian100 Ti
|
|
606
|
0
|
@a口才学@AKou Cai Xue@j通俗读物
|
|
690
|
|
@aH019@v5
|
|
701
|
0
|
@a姜英俊@AJiang Ying Juan@4著
|
|
801
|
2
|
@aCN@bCDNYKJZYXY@c
|
|
905
|
|
@aCDNYKJZYXY@b482666-8@dH019@e117@f3
|
|
|
|
|
| |
| 好工作需要好口才:求职者面试超级口才训练100题/姜英俊著.-北京:人民邮电出版社,2015 |
| 228页;23cm |
| |
| |
| ISBN 978-7-115-39711-9:CNY45.00 |
| 本书作者是一名货真价实的资深HR,从事招聘面试工作十多年,收到过简历十几万份,面试超千人,可以说,在面试场上,你想到的没想到的、见过的没见到的、该说的不该说的、该作的不该做的,他都门儿清。 |
| ● |
正题名:好工作需要好口才
索取号:H019/117
 
预约/预借
| 序号
|
登录号
|
条形码
|
馆藏地/架位号
|
状态
|
备注
|
|
1
|
482666
|
300482666
|
海科密-1楼/26架7列3层/
[索取号:H019/117]
|
在馆
|
|
|
2
|
482667
|
300482667
|
柳城-3楼/14架9列6层/
[索取号:H019/117]
|
在馆
|
|
|
3
|
482668
|
300482668
|
柳城-3楼/14架9列6层/
[索取号:H019/117]
|
在馆
|
|